| 000 | 00376nam a2200157Ia 4500 | ||
|---|---|---|---|
| 008 | 230524s9999 xx 000 0 und d | ||
| 082 |
_a621.382 _bWAD |
||
| 100 | _aC.L Wadhwa | ||
| 245 | 0 | _aNetwork Analysis and Synthesis | |
| 250 | _a1ST | ||
| 260 |
_aNEW DELHI _bNAI _c2004 |
||
| 300 | _aXIII;885 | ||
| 500 | _aQuantity Number: 49 | ||
| 650 | _aElectrical | ||
| 942 | _cBK | ||
| 999 |
_c17673 _d17673 |
||